Farmans and Sanads of the Deccan Sultans (Record no. 4489)

MARC details
000 -LEADER
fixed length control field 00558nam a2200229 a 4500
020 ## - INTERNATIONAL STANDARD BOOK NUMBER
ISBN
082 00 - DEWEY DECIMAL CLASSIFICATION NUMBER
Classification number 954.84
Author Cutter KHA
245 ## - TITLE STATEMENT
Title Farmans and Sanads of the Deccan Sultans
260 ## - PUBLICATION, DISTRIBUTION, ETC. (IMPRINT)
Place of publication Hyderabad
Name of publisher State Archives
Year of publication 1963
300 ## - PHYSICAL DESCRIPTION
Number of Pages 39p
500 ## - GENERAL NOTE
General note includes index and biblioraphy
505 2# - FORMATTED CONTENTS NOTE
Formatted contents note with persian
650 ## - SUBJECT ADDED ENTRY--TOPICAL TERM
Topical Term Deccan-History
942 ## - ADDED ENTRY ELEMENTS (KOHA)
Koha item type Books
Holdings
Collection code Home library Current library Date acquired Cost, normal purchase price Full call number Accession Number Koha item type
  Henry Martyn Institute Library Henry Martyn Institute Library 04/29/2008 100.00 954.84 KHA 08025 Books
                   Copyright © 2026 | Henry Martyn Institute | Hyderabad | TS-500052 | INDIA | Implemented by hmi.edu.in
Hit-Count:

Powered by Koha